Εφαρμογή νευρωνικών δικτύων ακτινικής βάσης στη διαδικασία παλαίωσης οινικών αποσταγμάτων

Αποθηκεύτηκε σε:
Λεπτομέρειες βιβλιογραφικής εγγραφής
Κύριος συγγραφέας: Μοσκοφίδης, Αλέξανδρος
Συγγραφή απο Οργανισμό/Αρχή: Πανεπιστήμιο Αιγαίου. Σχολή Κοινωνικών Επιστημών. Τμήμα Πολιτισμικής Τεχνολογίας και Επικοινωνίας. Πρόγραμμα Μεταπτυχιακών Σπουδών Πολιτισμική Πληροφορική και Επικοινωνία
Μορφή: Thesis Βιβλίο
Γλώσσα:Greek
Δημοσίευση: 2009.
Θέματα:
Διαθέσιμο Online:http://hdl.handle.net/11610/16426
Ετικέτες: Προσθήκη ετικέτας
Δεν υπάρχουν, Καταχωρήστε ετικέτα πρώτοι!

MARC

LEADER 00000cam a2200000 i 4500
001 1/1646
008 090922s2009 gr | ||| |||| ||gre||
035 |l 10105676 
040 |a GR-MyUa  |b gre  |e AACR2 
041 0 |a gre 
082 7 |a 006.32   |2 (22) 
100 1 |a Μοσκοφίδης, Αλέξανδρος. 
245 1 0 |a Εφαρμογή νευρωνικών δικτύων ακτινικής βάσης στη διαδικασία παλαίωσης οινικών αποσταγμάτων /   |c Αλέξανδρος Μοσκοφίδης ; επιβλέπων καθηγητής: Τσεκούρας Γεώργιος. 
260 |c 2009. 
300 |a 73 σ. ;   |c 30 εκ. 
502 |a Διατριβή (μεταπτυχιακή) – Πανεπιστήμιο Αιγαίου, Λέσβος, 2009. 
504 |a Βιβλιογραφία: σ. 73. 
650 0 0 |a Wine and wine making  |x Chemistry. 
650 0 0 |a Food industry and trade  |x Technological innovations. 
650 0 0 |a Neural networks (Computer science)  |x Case studies. 
650 0 0 |a Neural networks (Computer science)  |x Programmed instruction. 
650 0 0 |a Neural circuitry. 
650 0 0 |a Dissertations, Academic  |z Greece. 
700 1 |a Τσεκούρας, Γεώργιος,  |e dgs 
710 2 |a Πανεπιστήμιο Αιγαίου.   |b Σχολή Κοινωνικών Επιστημών.   |b Τμήμα Πολιτισμικής Τεχνολογίας και Επικοινωνίας.   |b Πρόγραμμα Μεταπτυχιακών Σπουδών Πολιτισμική Πληροφορική και Επικοινωνία. 
852 |a INST  |b LESVOS  |c DIATR  |e 20090922  |h 249  |p 005100046494  |q 005100046494  |t MTXE  |y 23 
852 |a INST  |b LESVOS  |c DIATR  |e 20090922  |h 250  |p 005100046495  |q 005100046495  |t MTXE  |y 23 
856 |u http://hdl.handle.net/11610/16426 
901 |a BIBL1-2009-3 
924 |a Μοσκοφίδης  |b Αλέξανδρος  |y Λέσβος  |z 2009-03 
970 |a ΤΖΑΦΕΡΗ  |b ΕΥΑΓΓΕΛΙΑ  |z 2009/09/22